| 000 | 00367nam a2200133 a 4500 | ||
|---|---|---|---|
| 005 | 20140412111415.0 | ||
| 008 | 070710s19uu xx 00 eng d | ||
| 050 |
_aER _bI L1 2002 |
||
| 245 | _aI Love You. | ||
| 260 |
_aChina : _bThe clever factory, _c2002. |
||
| 440 | _aValues and lessons | ||
| 520 | _aStories that nurture a child's development | ||
| 999 |
_c105811 _d105811 |
||